|
|
|
|
| LEADER |
00000nab a2200000 a 4500 |
| 001 |
vtls010067905 |
| 003 |
SK-MaSNL |
| 005 |
20260303231100.0 |
| 008 |
171109 2009 xo k 000 0 slo |
| 038 |
|
|
|a PPPK
|
| 040 |
|
|
|a PPPKCL
|b slo
|c PPPK
|e AACR2
|
| 041 |
0 |
|
|a slo
|
| 044 |
|
|
|a xo
|c SK
|
| 080 |
|
|
|a 373/378:7:78.082.4
|2 2001
|
| 100 |
1 |
|
|a Haviarová, E.
|4 aut
|9 1265748
|
| 245 |
1 |
0 |
|a Deti ZUŠ J. Silana opäť potešili koncertom
|c [text a foto] E. Haviarová
|
| 300 |
|
|
|b Fotogr.
|
| 610 |
2 |
7 |
|a Základná umelecká škola Janka Silana (Poprad, Slovensko)
|2 pppkcl
|9 1265713
|
| 648 |
|
7 |
|a 16.2.2009
|2 pppkcl
|9 1265749
|
| 650 |
0 |
7 |
|a školstvo
|2 snkbucl
|9 19712
|
| 650 |
0 |
7 |
|a umelecké školy
|2 pppkcl
|9 29319
|
| 650 |
0 |
7 |
|a koncerty
|2 pppkcl
|9 19182
|
| 651 |
|
7 |
|a Poprad (Slovensko)
|2 pppkcl
|9 20155
|
| 773 |
0 |
|
|t Brána : katolícky časopis farnosti Poprad
|g č. 2 (2009), s. 10
|
| 852 |
|
|
|a PPPK
|b KIS3GCP
|
| 999 |
|
|
|c 2265095
|d 2267025
|